000 00497nam a22001817a 4500
003 dpl
005 20180717143134.0
008 180717b xxu||||| |||| 00| 0 eng d
020 _a8172732759
_c0.00
035 _aB-222391
040 _aDPL
_bEN
_c0
082 _a485
100 _aGopalakrishnan,P N
245 _aPrepositions and Conjuctions /
_cby P N Gopalakrishnan
260 _aNew Delhi
_bAuthorspress
_c2006
300 _av, 201p;
_c20cm
942 _2ddc
_cEN
_h485
_mGOP
999 _c154177
_d154177